Les codes annotés de Sirey
Saved in:
| Main Author: | |
|---|---|
| Format: | Book |
| Language: | French |
| Published: |
París
Cosse, Marchal et Cie
1867
|
| Subjects: | |
| Tags: |
Add Tag
No Tags, Be the first to tag this record!
|
MARC
| LEADER | 00000nam a2200000 a 4500 | ||
|---|---|---|---|
| 001 | UCS1747 | ||
| 003 | CL-VaPUC | ||
| 008 | 970515e18670000FR |||||||||||||||||fre|d | ||
| 082 | 0 | 4 | |a 346.44 |b GIL |2 21 |
| 100 | 0 | |a Gilbert, P |e author |9 386481 | |
| 245 | 1 | 4 | |a Les codes annotés de Sirey |
| 300 | |a v | ||
| 942 | |c BK | ||
| 945 | |d 19970515 00:00:00 |a paguirre | ||
| 260 | |a París |b Cosse, Marchal et Cie |c 1867 | ||
| 500 | |a v.1: Code Napoléon | ||
| 500 | |a Sup.: Résumant la jurisprudence, la doctrine et la législation depuis la publication des codes annotés jusqu'a ce jour | ||
| 500 | |a v.3 : Codes d'instruction crimenelle penal et forestier | ||
| 650 | 0 | |a Derecho civil |9 255013 | |
| 650 | 0 | |a Códigos |9 352314 | |
| 650 | 0 | |a Propiedad |9 255268 | |
| 650 | 0 | |a Obligaciones |9 255578 | |
| 650 | 0 | |a Usufructo |9 256763 | |
| 650 | 7 | |a DERECHO PENAL |2 CL-VaPUC |9 11 | |
| 650 | 0 | |a Procedimiento penal |9 254974 | |
| 651 | 0 | |a Francia |9 255157 | |
| 583 | |a last modification |c 19970515 00:00:00 |k Rodrigo Vera | ||
| 999 | |c 259779 |d 259777 | ||
| 952 | |0 0 |1 0 |4 0 |6 346_440000000000000_GIL_1867 |7 0 |8 X |9 285096 |a BIBDER |b BIBDER |d 2019-11-19 |h v.1 |i 1850512 |o 346.44 GIL 1867 |p 1850512 |r 2023-01-25 |w 2019-11-19 |y BK_X |k DER | ||
| 952 | |0 0 |1 0 |4 0 |6 346_440000000000000_GIL_1867 |7 0 |8 X |9 285097 |a BIBDER |b BIBDER |d 2019-11-19 |h sup |i 1850520 |o 346.44 GIL 1867 |p 1850520 |r 2023-01-25 |w 2019-11-19 |y BK_X |k DER | ||
| 952 | |0 0 |1 0 |4 0 |6 346_440000000000000_GIL_1867 |7 0 |8 X |9 285098 |a BIBDER |b BIBDER |d 2019-11-19 |h v.3 |i 1862138 |o 346.44 GIL 1867 |p 1862138 |r 2023-01-25 |w 2019-11-19 |y BK_X |k DER | ||